Notions antiques - Histoire Antique - Statistiques

Statistiques générales
  • Ce quiz a été pris 3 fois
  • Le résultat moyen est 11 sur 27
Statistiques - réponses
Hint Réponse % Correct
Maître du Panthéon, il est le protecteur suprême de l’empereur. Jupiter
100%
Longue période de relative paix et de stabilité au sein de l'Empire romain, qui s'étend approximativement de 27 av. J.-C. à 180 apr. J.-C., soit environ deux siècles. Pax Romana
100%
Étude des monnaies et des médailles. Numismatique
67%
Provinces militarisées, gouvernées par des légats d’Auguste. Provinces impériales
67%
Provinces sans armée, gouvernée par des proconsuls nommés par le Sénat. Provinces sénatoriales
67%
Elle incarne la valeur guerrière et le courage physique dont doit faire preuve le citoyen. C’est la manifestation de la capacité à agir avec force et efficacité sur le champ de bataille, garantissant la protection et l'expansion de Rome. L'empereur, en tant que chef suprême de l'armée et de l'État, se doit d'être son incarnation même. Virtus
67%
Service chargé de l'approvisionnement de Rome en blé ; son préfet est l'un des personnages les plus puissants de l'Empire. Annone
33%
Lieu de réunion des bouleutes (équivalents grecs des décurions), siège du conseil municipal dans les cités orientales. Bouleuterion
33%
Cité qui a le privilège de recevoir le gouverneur et sa suite pour qu’il y rende justice de façon régulière. Concilium
33%
Carrière des magistratures romaines, dont le niveau conditionne l'accès aux provinces. Cursus honorum
33%
Il gère l’album des sénateurs locaux et fait la liste des citoyens de la ville. Duumvir quinquennal
33%
Pratique par laquelle les élites locales financent des édifices ou des spectacles publics pour asseoir leur prestige. Évergétisme
33%
Confiance mutuelle entre les soldats et leur chef, elle est souvent représentée par deux mains droites serrées. Fides
33%
Puissance divine protectrice du peuple romain dans son ensemble. Genius populi romani
33%
Représentant de Rome dans une province : il y rend la justice, collecte les impôts et fait le lien entre l'empereur et les cités locales. Il doit obligatoirement être un ancien préteur ou consul, et son titre varie selon la province. Gouverneur
33%
Élite de la société romaine, avec deux ordres (équestre et sénatorial). Ils bénéficient de privilèges juridiques importants, de revenus élevés et occupent les hautes fonctions de l’administration et de l’armée. Honestiores
33%
Ils sont peu fortunés mais peuvent être élus. Cependant, en cas de condamnation judiciaire, ils subissent des peines beaucoup plus sévères. Humiliores
33%
Pouvoir supérieur de l'empereur, le plaçant au-dessus de tout gouverneur de province. Imperium maius
33%
Elle est associée aux impératrices. En incarnant ses vertus, l’impératrice devient un pilier moral et symbolique du régime. Elle est présentée comme la garante de la stabilité conjugale de l’empereur et, par extension, de la stabilité de l'État lui-même. Junon
33%
Gouverneurs de provinces nommés directement par l'empereur, qui les choisit personnellement parmi les sénateurs de confiance. Légats d’Auguste
33%
Signifie le “meilleur des princes”. C’est un titre honorifique décerné par le Sénat à Traja. Il résume l'idéal du souverain parfait : juste, généreux, bon militaire, respectueux du Sénat. Optimus Princeps
33%
La composition des terres dans la sphère romaine. Pour les Romains, c’est tout simplement le monde, et par extension, leur empire, qui se confondait à leurs yeux avec la civilisation entière. Orbis terrarum
33%
La paix des dieux que l’empereur se doit de garantir, tant qu'il honore les dieux par sa piété, l'Empire est protégé. S'il échoue, les divinités envoient des calamités (pestes, invasions). Pax Deorum
33%
Lieu gardant le feu sacré de la cité et servant de lieu de réunion aux décideurs politiques locaux. Prytanée
33%
Fusion de divinités ou de pratiques religieuses de cultures différentes, très répandue en Égypte romaine (ex. : Sérapis = fusion gréco-égyptienne). Syncrétisme
33%
Membres de l’assemblée se réunissant à la curie locale. Décurions
0%
Ils sont chargés de lire le droit, ils sont l’équivalent de maire mais dédoublé. Ce sont deux magistrats au plus haut niveau de la hiérarchie locale. Duumvir iure dicundo
0%
Aucun quiz correspondant
Distribution des résultats
% des personnes avec chaque résultat
Percentile par nombre de réponses
Votre historique - résultats
Vous n’avez pas pris ce quiz